000 00729nam a22001697a 4500
999 _c61029
_d61029
005 20231208160314.0
008 231208s1977 ru ||||| |||| 00| 0 rus d
041 _arus
080 _a52 X-72
100 _aХокинс Дж.
_920633
245 _aКроме Стоунхенджа /
_cДж. Хокинс; Пер. с англ. П. Гурова; Под ред. А. Гурштейна.
264 _aМосква :
_bМир,
_c1977.
300 _a268 с. :
_bил.;
_c23 см.
653 _aუძველესი კულტურის ძეგლები
653 _aძველი და ახალი სამყაროს პრეისტორიული ძეგლები
942 _2udc
_cᲬᲘᲒᲜᲘ